00687nam a2200241 a 4500001001300000003000900013005001700022008004100039020001000080082001500090100002300105245002700128260003700155300000900192500003500201505002600236650001200262700002300274902000800297942000700305952011600312999001700428nice12345678IN_TiNIC20260116014251.0050524s2001 egya grp 000 0 urd  ac10000a297.2bARS aArshad, Mohd Yunus aTaqleed Ke Barg-O-Baar aEgyptnbMunazza Pub. Delhic2001 a339p aincludes index and biblioraphy2 aIndex, Quranic Verses aTaqleed1 aArshad, Mohd Yunus bSRS cBK 001040708StackRoom-aHMIbHMId2007-08-01g100.00l0o297.2 ARSp020613r2007-08-01v100.00w2005-05-24yBK c14584d14584